📖🕯 150 premiers mots" L'homme au chaudron" - Statistiques

Statistiques générales
  • Ce quiz a Ă©tĂ© pris 7 fois
  • Le rĂ©sultat moyen est 87 sur 150
Statistiques - réponses
Mots % Correct
Ă€
100%
Ă 
100%
avait
100%
ce
100%
Cet
100%
cette
100%
de
100%
des
100%
du
100%
et
100%
grand :
100%
grande
100%
homme
100%
il
100%
j'
100%
Je
100%
l'
100%
la
100%
Le
100%
le
100%
le ...
100%
les
100%
ne
100%
pas
100%
qu'
100%
que
100%
son
100%
Tonkedeg
100%
-Tu
100%
un
100%
Un
100%
une
100%
ai
75%
chaudron,
75%
dans
75%
époque,
75%
était
75%
fils
75%
fois
75%
père
75%
plus
75%
ses
75%
soir
75%
sur
75%
tous
75%
tout
75%
alors
50%
bien
50%
château
50%
deux
50%
donc
50%
dont
50%
en
50%
ĂŞtre
50%
jeune
50%
oĂą
50%
ou
50%
tĂŞtes
50%
autant
25%
comptait
25%
debout
25%
demanda
25%
devenir
25%
encore
25%
manoir
25%
prenait
25%
quelques
25%
reste
25%
seigneur
25%
seras
25%
sommet
25%
tour
25%
vivaient
25%
aujourd'hui
0%
bocal
0%
Brandir
0%
choisi,
0%
concoctait
0%
contenant
0%
couper
0%
crapaud ?
0%
cruel
0%
désire
0%
effroyables.
0%
ennemis
0%
épée
0%
étagère
0%
féroce
0%
guerrier
0%
guerrier.
0%
impitoyable ?
0%
laboratoire
0%
lugubre
0%
marmonna
0%
méchant
0%
noir
0%
-Oui,
0%
poisons
0%
répondit
0%
ruines.
0%
salamandre
0%
sorcellerie
0%
sorcier.
0%
sorcier
0%
sorcier,
0%
sortilèges
0%
touillait
0%
transformer
0%
tremblant
0%
user
0%
vivante.
0%
Aucun quiz correspondant
Distribution des résultats
% des personnes avec chaque résultat
Percentile par nombre de réponses
Votre historique - résultats
Vous n’avez pas pris ce quiz